Suomen myydyimmät oluet. - Statistics

Yleistilastot
  • Tätä visaa on pelattu 110 kertaa
    96 viimeisimmän päivityksen jälkeen
  • Keskiarvotulos 5 / 15
Vastaustilastot
Valmistaja Keskihinta Olut merkki % Oikein
Sinebrycoff ~1,30€ Karhu
87%
Olvi ~1,35€ Sandels
87%
Olvi ~1,85€ Olvi
62%
Laitilan Wirvoitusjuomatehdas ~1,65€ Kukko
56%
Olvi ~1,25€ A.Le Coq Premium
38%
Sinebrycoff ~1€ Coop
27%
Nokian panimo ~2,20€ Keisari
27%
Hartwall ~1€ Sininen
18%
Sinebrycoff ~3€ K1664 Blanc
11%
Olvi ~1,20€ Pirkka olut
11%
Olvi ~1,05€ K-Menu lager
9%
Olvi ~1,10€ Kotimaista
8%
Plzeňský Prazdroj ~3€ Pilsner Urquell
6%
Saimaa Brewing Company ~2€ Marsalkka
5%
Hartwall ~3,20€ Lahden Erikois NEIPA
4%
Ehtoja vastaavia visoja ei löytynyt
Tulosjakauma
Jokaisen tuloksen saaneiden osuus
Persentiili vastausten määrän mukaan
Tuloshistoriasi
Et ole pelannut tätä visaa sen viimeisimmän päivityksen jälkeen